| 000 | 00000nam 2200000za 4500 |
| 001 | 9.846884 |
| 003 | CaOODSP |
| 005 | 20221107153318 |
| 007 | cr ||||||||||| |
| 008 | 171109s1992 onc |o f|0| 0 fre d |
| 040 | |aCaOODSP|bfre |
| 043 | |an-cn--- |
| 086 | 1 |aCS11-0019/17F-PDF |
| 100 | 1 |aMyles, John,|d1943- |
| 245 | 14|aLes salaires et les emplois au cour des années 1980 |h[ressource électronique] : |bévolution des salaires des jeunes et déclin de la classe moyenne |cpar J. Myles, G. Picot, T. Wannell. |
| 260 | |a[Ottawa] : |bStatistique Canada, |c1992. |
| 300 | |a[196] p. |
| 490 | 0 |aDocuments de recherche ; |vno. 17 |
| 500 | |aPubl. aussi en anglais sous le titre : Wages and jobs in the 1980s: changing youth wages and the declining middle. |
| 500 | |aÉdition numérisée de l'imprimé [par Statistique Canada]. |
| 504 | |aComprend des références bibliographiques. |
| 520 | |a« En s'inspirant des deux enquêtes originales de Statistique Canada, l'enquête sur les antécédents de travail de 1981 et l'enquête sur l'activité de 1986, la présente étude rend compte des modifications survenues dans la répartition des emplois selon le taux de salaire horaire entre 1981 et 1986. Les résultats de l'étude révèlent une concentration accrue des emplois dans deux segments de la courbe de répartition des salaires - le segment inférieur et le segment médian supérieur. Ces modifications de la structure des salaires s'expliquent dans une certaine mesure par les changements survenus dans la structure professionnelle - l'augmentation du nombre des emplois dans les industries de services et une modification de la répartition des emplois par catégorie professionnelle. »--Résumé. |
| 692 | 07|2gccst|aSalaire |
| 692 | 07|2gccst|aStructure sociale |
| 700 | 1 |aWannell, Ted. |
| 700 | 1 |aPicot, W. G. |
| 710 | 2 |aStatistique Canada. |bDirection des études analytiques. |
| 775 | 08|tWages and jobs in the 1980s |w(CaOODSP)9.846882 |
| 830 | #0|aDocuments de recherche (Statistique Canada. Direction des études analytiques)|vno 17|w(CaOODSP)9.500842 |
| 856 | 40|qPDF|s18.71 Mo|uhttps://publications.gc.ca/collections/collection_2017/statcan/11f0019m/CS11-0019-17-fra.pdf |